02648nam a2200361 a 4500001001300000003000900013005001700022008004100039020001800080040002800098041000800126082002000134100002600154245006900180250001200249260006100261300002500322500002200347504006000369505041900429520068500848534010701533650008901640650006001729650006901789650006501858700004001923700002701963942001201990999001702002952013602019952013102155C01378804c-2CO-ViMGA20230915225026.0121218s2009 mx a gr 00110 spa d z9786074429565 aCO-ViMGAbspacCO-ViMGA1 heng04a513.93 A79m2211 aArya, Jagdish C.952510aMatemáticas aplicadas a la administración y a la economía  a5a. ed. aMéxico : bPearson Educación, Prentice Hall, c2009. axiii, 818 p. : bil. aIncluye índice. aIncluye Apéndices, Soluciones a problemas e Índice.0 aAlgebra - Ecuaciones de una variable - Desigualdades - Líneas rectas - Funciones y sus gráficas - Logaritmos exponenciales - Progresiones matemáticas y financieras - Algebra de matrices - Inversas y determinantes - Programación lineal - La derivada - Cálculo de derivadas - Optimización y bosquejo de curvas - Más sobre derivadas - Integración - La integral definida - Funciones de varias variables aEn esta versión se conservó y reforzó la orientación de las aplicaciones a la administración y la economía, sin descuidar aplicaciones generales a otras áreas, tales como ciencias sociales, biológicas y físicas, a fin de que la obra pueda seguir siendo útil a una amplia gama de estudiantes. Las aplicaciones referidas a estas áreas se han integrado por completo en el desarrollo de la obra; a veces una aplicación particular se utiliza para motivar ciertos conceptos matemáticos; en otros casos, determinado resultado matemático se aplica, ya sea de inmediato o en una sección subsecuente, a un problema concreto, digamos, de análisis empresarial. pTítulo original : tMathematical analysis for business, economics, and the life and social sciences.14aMatemática financierasv Problemas, ejercicios, etc.v Libros electrónicos.952914aMatemáticas financierasv Libros electrónicos.952614aMatemáticas para administradoresv Libros electrónicos.952714aMatemáticas para economistasv Libros electrónicos.95281 aIbarra Mercado, Víctor Hugo.95311 aLardner, Robin W.9530 2ddccBK c12088d12088 00102ddc40708003aMEVIECARbMEVIECARd2015-12-03l4m1o513.93 A79mp28914r2017-06-10 00:00:00s2017-05-30t1w2015-12-03yBK 00102ddc40708GENaMERESTREbMERESTREcGENd2025-07-24l0o513.93 A79mpRES00734r2025-07-24 15:39:11tEj.1w2025-07-24yBK